Zöld számvitel - avagy fenntartható fejlődés a számviteli információs rendszerekben

Bibliographic Details
Main Author: Bihari Anikó
Other Authors: Borzán Dr. Anita
Format: Thesis
Kulcsszavak:vállalati környezetvédelem
adózás
Környezetterhelési-díj
környezetvédelmi termékdíj
HAS és IFRS
US GAAP
Online Access:http://dolgozattar.uni-bge.hu/21984

MARC

LEADER 00000nta a2200000 i 4500
001 dolg21984
005 20190516134757.0
008 190516suuuu hu om 000 hun d
040 |a BGE Dolgozattár Repozitórium  |b hun 
041 |a hu 
100 1 |a Bihari Anikó 
245 1 0 |a Zöld számvitel - avagy fenntartható fejlődés a számviteli információs rendszerekben  |c Bihari Anikó  |h [elektronikus dokumentum] 
246 1 1 |a Zöld számvitel - avagy fenntartható fejlődés a számviteli információs rendszerekben 
695 |a vállalati környezetvédelem 
695 |a adózás 
695 |a Környezetterhelési-díj 
695 |a környezetvédelmi termékdíj 
695 |a HAS és IFRS 
695 |a US GAAP 
700 1 |a Borzán Dr. Anita  |e ths 
856 4 0 |u http://dolgozattar.uni-bge.hu/21984/1/Bihari%20Anik%C3%B3_IHKX5H_Z%C3%B6ld%20sz%C3%A1mvitel_szakdolgozat.pdf  |z Dokumentum-elérés